| 000 | 00610nam a22001937a 4500 | ||
|---|---|---|---|
| 003 | OSt | ||
| 005 | 20251120105256.0 | ||
| 008 | 251120b |||||||| |||| 00| 0 eng d | ||
| 020 | _a9780415495295 | ||
| 037 | _cGeneral Book | ||
| 040 |
_aRTL _cRTL |
||
| 084 |
_aY:3(Q).1, Q2.3 _qRTL |
||
| 245 | _aSpititualitry in the modern world: within religious tradition and beyond | ||
| 260 |
_aLondon _bRoutledge _c2012 |
||
| 300 |
_ax,475 p. _bIncludes bibliographical references and index. |
||
| 650 |
_aSociology _9852511 |
||
| 700 |
_aHeelas, Paul _eEditor _9852512 |
||
| 942 |
_2CC _n0 _cGB _hY:3(Q).1, Q2.3 |
||
| 999 |
_c1465495 _d1465495 |
||